[Event "Sacrifice more if you want to have the initiative"]
[Site "SchemingMind.com"]
[Date "2011.11.27"]
[Round "-"]
[White "emvarela"]
[Black "Scooter"]
[Result "0-1"]
[WhiteCountry "ARG"]
[BlackCountry "USA"]
[WhiteElo "1743"]
[WhiteRD "46"]
[BlackElo "1767"]
[BlackRD "49"]
[GameID "297494"]

1. e4 c6 2. d4 d5 3. Nc3 dxe4 4. Nxe4 Bf5 5. Ng3 Bg6 6. h4 h6 7. h5 Bh7 8. Nf3 Nd7 9. Bd3 Bxd3 10. Qxd3 Qc7
11. Bd2 Ngf6 12. O-O-O e6 13. Ne4 O-O-O 14. g3 Nxe4 15. Qxe4 Nf6 16. Qe2 Bd6 17. c4 c5 18. dxc5 Bxc5 19. Bf4 Bd6 20. Bxd6 Rxd6
21. Rxd6 Qxd6 22. Rd1 Qe7 23. Nd4 Qc5 24. Nb5 Rf8 25. Nd6+ Kb8 26. Qf3 Nd5 27. Qb3 Qxd6 28. cxd5 Rc8+ 29. Kb1 exd5 30. Rxd5 Qc6
31. Qd1 Qf6 32. f4 Qe7 33. Re5 Rd8 34. Rxe7 Rxd1+ 35. Kc2 Rg1 36. Re3 Kc8 37. Kb3 Kd7 38. a4 a5 39. Kc4 Rd1 40. Re5 Rg1
41. Re3 Rh1 42. Rb3 Kc6 43. Rb5 Rc1+ 44. Kb3 b6 45. Re5 Kd6 46. Re3= Rc5 47. g4 f5 48. g5 hxg5 49. fxg5 f4 50. Rf3 Rxg5
51. Rxf4 Rxh5 52. Rd4+ Rd5 53. Rg4 g5 54. Kc4 Rc5+ 55. Kd4 Kc6 56. b3 Rf5 57. Ke4 Rf4+
0-1

[Event "Sacrifice more if you want to have the initiative"]
[Site "SchemingMind.com"]
[Date "2011.11.27"]
[Round "-"]
[White "Scooter"]
[Black "emvarela"]
[Result "1-0"]
[WhiteCountry "USA"]
[BlackCountry "ARG"]
[WhiteElo "1790"]
[WhiteRD "53"]
[BlackElo "1819"]
[BlackRD "48"]
[GameID "297502"]

1. d4 Nf6 2. Nf3 d5 3. Bf4 c5 4. e3 Nc6 5. c3 e6 6. Bb5 Qb6 7. Qb3 Bd7 8. Bxc6 bxc6 9. Nbd2 Qxb3 10. axb3 cxd4
11. exd4 c5 12. O-O cxd4 13. Nxd4 Bc5 14. N2f3 Bxd4 15. Nxd4 O-O 16. Ra5 a6 17. Rfa1 Ne4 18. Rxa6 Rxa6 19. Rxa6 Nc5 20. Ra7 Bc8
21. Bd6
1-0

[Event "Sacrifice more if you want to have the initiative"]
[Site "SchemingMind.com"]
[Date "2011.12.01"]
[Round "-"]
[White "maro"]
[Black "Timaeus"]
[Result "0-1"]
[WhiteCountry "MEX"]
[BlackCountry "JPN"]
[WhiteElo "1399"]
[WhiteRD "63"]
[BlackElo "1350"]
[BlackRD "64"]
[GameID "297689"]

1. e4 d5 2. Nc3 dxe4 3. Nxe4 Nf6 4. Nxf6+ gxf6 5. Bc4 Be6 6. Bxe6 fxe6 7. Qh5+ Kd7 8. Qb5+ c6 9. Qd3+ Kc7 10. Qxd8+ Kxd8
11. d3 Nd7 12. Bf4 e5 13. Be3 b6 14. Ne2 Kc7 15. O-O-O a5 16. Nc3 Rg8 17. g3 f5 18. f4 Bg7 19. fxe5 Bxe5 20. Ne2 h5
21. Rhf1 e6 22. d4 Bf6 23. Bf4+ e5 24. dxe5 Bxe5 25. Bxe5+ Nxe5 26. Nf4 Ng4 27. Ne6+ Kb7 28. Rd7+ Kb8 29. Rxf5 Ra7 30. Rd8+ Rxd8
31. Nxd8 Ne3 32. Rf8 Rd7 33. Nxc6+ Kc7
0-1

[Event "Sacrifice more if you want to have the initiative"]
[Site "SchemingMind.com"]
[Date "2011.12.01"]
[Round "-"]
[White "Timaeus"]
[Black "maro"]
[Result "0-1"]
[WhiteCountry "JPN"]
[BlackCountry "MEX"]
[WhiteElo "1350"]
[WhiteRD "64"]
[BlackElo "1399"]
[BlackRD "63"]
[GameID "297695"]

1. c4 c6 2. d4 e6 3. e4 Nf6 4. Nc3 Bb4 5. e5 Ne4 6. Be3 Nxc3 7. bxc3 Bxc3+ 8. Bd2 Bxa1 9. Qxa1 d6 10. exd6 Qxd6
11. Bc3 Nd7 12. Bd3 O-O 13. Ne2 Nf6 14. O-O c5 15. h3 b6 16. Qd1 Bb7 17. d5 exd5 18. cxd5 Nxd5 19. Qd2 g6 20. Ng3 Ne7
21. Ne4 Qc6 22. Qh6 Nf5 23. Nf6+ Qxf6 24. Bxf6 Nxh6 25. f3 Rfe8 26. g4 Kf8 27. Bg5 Ng8 28. Kg2 Re5 29. Bf4 Rd5 30. Be4 Rd7
31. Bc2 Rd2+ 32. Rf2 Rxf2+ 33. Kxf2 Nf6
0-1

[Event "Sacrifice more if you want to have the initiative"]
[Site "SchemingMind.com"]
[Date "2011.11.30"]
[Round "-"]
[White "Olli Ylönen"]
[Black "essam100"]
[Result "1-0"]
[WhiteCountry "FIN"]
[BlackCountry "EGY"]
[WhiteElo "1825"]
[WhiteRD "58"]
[BlackElo "1508"]
[BlackRD "117"]
[GameID "297772"]

1. e4 c5 2. Nf3 e6 3. d4 cxd4 4. Nxd4 a6 5. Bd3 Nf6 6. O-O d6 7. c4 Nc6 8. Nxc6 bxc6 9. Nc3 Rb8 10. Qa4 Qc7
11. a3 Be7 12. Rd1 O-O 13. b4 d5 14. Bb2 Bd7 15. Qc2 Ng4 16. g3 Ne5 17. exd5
1-0

[Event "Sacrifice more if you want to have the initiative"]
[Site "SchemingMind.com"]
[Date "2011.11.30"]
[Round "-"]
[White "essam100"]
[Black "Olli Ylönen"]
[Result "0-1"]
[WhiteCountry "EGY"]
[BlackCountry "FIN"]
[WhiteElo "1508"]
[WhiteRD "117"]
[BlackElo "1825"]
[BlackRD "58"]
[GameID "297775"]

1. Nf3 c5 2. c4 Nf6 3. g3 b6 4. Bg2 Bb7 5. Nc3 e6 6. d3 Be7 7. O-O O-O 8. b3 d5 9. Ne5 Nbd7 10. Nxd7 Qxd7
11. e4 d4 12. Ne2 e5 13. f4 exf4 14. Nxf4 Qg4 15. e5 Bxg2 16. exf6 Qxd1 17. Rxd1 Bxf6
0-1

[Event "Sacrifice more if you want to have the initiative"]
[Site "SchemingMind.com"]
[Date "2011.12.05"]
[Round "-"]
[White "Coretismo"]
[Black "D O Vaughan"]
[Result "1/2-1/2"]
[WhiteCountry "ENG"]
[BlackCountry "WLS"]
[WhiteElo "2039"]
[WhiteRD "86"]
[BlackElo "2078"]
[BlackRD "79"]
[GameID "298018"]

1. c4 e6 2. Nf3 Nf6 3. g3 b6 4. Bg2 Bb7 5. O-O Be7 6. Nc3 O-O 7. d4 Ne4 8. Qc2 Nxc3 9. Qxc3 f5 10. b3 Bf6
11. Bb2 d6 12. Rad1 Nd7 13. Qd2 Be4 14. Ne1 Bxg2 15. Kxg2 Qe7 16. Nd3 a5 17. h4 Rad8 18. Nf4 Rfe8 19. Rfe1 d5 20. Qc1 Nb8
21. Nh5 Rd7 22. Nxf6+ Qxf6 23. Qg5 Qxg5= 24. hxg5 Red8 25. cxd5 exd5 26. Rc1 Na6 27. a3 Re8 28. e3 Rd6 29. Rh1 Ree6 30. Kf3 Re4
31. Rh4 Rxh4 32. gxh4 Re6 33. Re1 Kf7 34. Bc3 Rc6 35. Rc1 Re6 36. Re1 Rc6 37. Rc1=
1/2-1/2

[Event "Sacrifice more if you want to have the initiative"]
[Site "SchemingMind.com"]
[Date "2011.11.30"]
[Round "-"]
[White "eun77"]
[Black "lea_dc"]
[Result "0-1"]
[WhiteCountry "ISR"]
[BlackCountry "ARG"]
[WhiteElo "1263"]
[WhiteRD "69"]
[BlackElo "1839"]
[BlackRD "102"]
[GameID "298019"]

1. e4 e5 2. Nf3 Nc6 3. h3 Nf6 4. d3 Be7 5. Be2 O-O 6. O-O d5 7. exd5 Nxd5 8. a3 Be6 9. Nc3 Nxc3 10. bxc3 Qd6
11. Nh2 Rad8 12. Bg4 f5 13. Be2 Qc5 14. c4 Bxc4 15. Qe1 Ba6 16. c4 b6 17. a4 Qd6 18. Ba3 Qg6 19. Bxe7 Nxe7 20. f3 Nc6
21. Kh1 Bb7
0-1

[Event "Sacrifice more if you want to have the initiative"]
[Site "SchemingMind.com"]
[Date "2011.12.05"]
[Round "-"]
[White "D O Vaughan"]
[Black "Coretismo"]
[Result "1-0"]
[WhiteCountry "WLS"]
[BlackCountry "ENG"]
[WhiteElo "2108"]
[WhiteRD "81"]
[BlackElo "2027"]
[BlackRD "84"]
[GameID "298021"]

1. e4 e5 2. Nc3 Nf6 3. Bc4 Bc5 4. d3 d6 5. Nf3 Nc6 6. Bg5 h6 7. Bxf6 Qxf6 8. Nd5 Qd8 9. c3 Ne7 10. Ne3 c6
11. O-O b5 12. Bb3 O-O 13. d4 exd4 14. Nxd4 Bd7 15. Qh5 a5 16. Rad1 a4 17. Bc2 Ng6 18. f4 Qf6 19. Nef5 Bxf5 20. Qxf5 Qxf5
21. exf5 Ne7 22. a3 Nd5 23. Rf3 Rfe8 24. Kf2 Nb6 25. Bd3 Nc4 26. Bxc4 bxc4 27. Re3 Kf8 28. f6 gxf6 29. Re2 Rab8 30. Rc2 f5
31. Kf3 Bxd4 32. Rxd4 d5 33. h3 Re4 34. Rdd2 Rbe8 35. g3 Re3+ 36. Kf2 h5 37. h4 R8e6 38. Rd1 Ke7 39. Rcd2 R3e4 40. Rc1 Kd6
41. Rcd1 Kc5 42. Kf1 Rd6 43. Rd4 Rxd4 44. cxd4+ Kb5 45. Re1 Re6 46. Re5 Rxe5 47. dxe5 c3 48. bxc3 Kc4 49. g4 Kxc3 50. e6 fxe6
51. gxh5
1-0

[Event "Sacrifice more if you want to have the initiative"]
[Site "SchemingMind.com"]
[Date "2011.12.04"]
[Round "-"]
[White "lea_dc"]
[Black "eun77"]
[Result "1-0"]
[WhiteCountry "ARG"]
[BlackCountry "ISR"]
[WhiteElo "1839"]
[WhiteRD "102"]
[BlackElo "1263"]
[BlackRD "69"]
[GameID "298022"]

1. e4 d5 2. exd5 Qxd5 3. Nc3 Qd8 4. Nf3 e6 5. d4 h6 6. Bd3 Bb4 7. Bd2 Bxc3 8. Bxc3 Nf6 9. O-O O-O 10. Re1 Nc6
11. Qe2 Qe7 12. d5 Nxd5 13. Bd2 Nf6 14. Rad1 a6 15. a3 Ne8 16. Bc3 Nf6 17. Ne5 Nxe5 18. Qxe5 Qd6 19. Bh7+ Kxh7 20. Rxd6 cxd6
21. Qxd6 Kg8 22. Re3 b5 23. Rg3 Ne8 24. Qc6 g5 25. Qxa8 Nc7 26. Qc6
1-0

[Event "Sacrifice more if you want to have the initiative"]
[Site "SchemingMind.com"]
[Date "2011.12.02"]
[Round "-"]
[White "Sir Osis of the Liver"]
[Black "Clive Everill"]
[Result "0-1"]
[WhiteCountry "ENG"]
[BlackCountry "CZE"]
[WhiteElo "1624"]
[WhiteRD "165"]
[BlackElo "1733"]
[BlackRD "52"]
[GameID "298145"]

1. e4 e6 2. d4 d5 3. Bd3 dxe4 4. Bxe4 c5 5. Nf3 Nf6 6. Bd3 cxd4 7. Nxd4 e5 8. Nf5 g6 9. Nh6 Bg7 10. Nc3 Nc6
11. Nxf7 Kxf7 12. Bc4+ Be6 13. Qe2 Qc7 14. O-O Nd4 15. Bxe6+ Kxe6 16. Qd3 Rhd8 17. Qh3+ Kf7 18. Bg5 Rd6 19. Bxf6 Rxf6 20. Nd5 Qd6
21. Nxf6 Ne2+ 22. Kh1 Bxf6 23. Rad1 Qc6 24. Rd7+ Ke8 25. Qxh7 Qxd7 26. Qg8+ Ke7 27. Qxa8 a6 28. Qa7 Qc6 29. Qe3 Nf4 30. f3 Qxc2
31. Re1 Qxg2#
0-1

[Event "Sacrifice more if you want to have the initiative"]
[Site "SchemingMind.com"]
[Date "2011.12.01"]
[Round "-"]
[White "Clive Everill"]
[Black "Sir Osis of the Liver"]
[Result "1-0"]
[WhiteCountry "CZE"]
[BlackCountry "ENG"]
[WhiteElo "1733"]
[WhiteRD "52"]
[BlackElo "1624"]
[BlackRD "165"]
[GameID "298151"]

1. e4 e5 2. f4 d5 3. exd5 e4 4. d3 Nf6 5. dxe4 Nxe4 6. Nf3 Bc5 7. Qe2 Bf2+ 8. Kd1 Qxd5+ 9. Nfd2 Bf5 10. Nc3 Qd4
11. Nxe4 Be3 12. Qb5+ Nd7 13. Qxf5 O-O-O 14. c3 Qa4+ 15. b3 Qc6 16. Kc2 g6 17. Qg4 Bb6 18. g3 f5 19. Qf3 fxe4 20. Nxe4 Nc5
21. Bh3+ Kb8 22. Ng5 Qf6 23. Rd1 Rxd1 24. Qxd1 h6 25. Nf3 Ne4 26. Qe1 Nf2 27. Bf1 Qf5+ 28. Kb2 a6 29. Qe5 Qc8 30. Qf6 Rg8
31. Kc2 Ne4 32. Qh4 Qf5 33. Bd3 Re8 34. Nd2 c6 35. Bb2 Bd8 36. Qxh6 Qd5 37. Qxg6 Nf6 38. c4 Qd6 39. Bxf6 Re6 40. Ne4 Qf8
41. Be5+ Rxe5 42. fxe5 Bc7 43. Rf1 Qc8 44. e6 Bd6 45. Nxd6 Qd8 46. Ne8
1-0

[Event "Sacrifice more if you want to have the initiative"]
[Site "SchemingMind.com"]
[Date "2011.12.02"]
[Round "-"]
[White "otsenrechess"]
[Black "kenneth m day"]
[Result "1-0"]
[WhiteCountry "HUN"]
[BlackCountry "USA"]
[WhiteElo "1823"]
[WhiteRD "45"]
[BlackElo "1866"]
[BlackRD "52"]
[GameID "298255"]

1. e4 c5 2. Nf3 g6 3. d4 cxd4 4. Nxd4 Nc6 5. c4 Nf6 6. Nc3 d6 7. Be2 Nxd4 8. Qxd4 Bg7 9. Bg5 O-O 10. Qd2 Bd7
11. O-O Qb6 12. e5 Ng4 13. Nd5 Qc5 14. b4
1-0

[Event "Sacrifice more if you want to have the initiative"]
[Site "SchemingMind.com"]
[Date "2011.12.03"]
[Round "-"]
[White "flammablepawn"]
[Black "jtrochez1"]
[Result "1-0"]
[WhiteCountry "USA"]
[BlackCountry "HON"]
[WhiteElo "1926"]
[WhiteRD "79"]
[BlackElo "1553"]
[BlackRD "50"]
[GameID "298256"]

1. b4 e5 2. Bb2 d6 3. e4 Be6 4. Nf3 Nd7 5. Nc3 c6 6. a3 Be7 7. d4 Bg4 8. Be2 Bxf3 9. Bxf3 Ngf6 10. dxe5 dxe5
11. O-O Qc7 12. Qe2 O-O 13. Rfd1 Rfd8 14. g3 Nf8 15. Rxd8 Rxd8 16. Rd1 Rxd1+ 17. Qxd1 Qd7 18. Qxd7 N8xd7 19. Be2 b5 20. f3 a6
21. Nd1 c5 22. c3 c4 23. a4 h5 24. Kf2 h4 25. Ne3 hxg3+ 26. hxg3 Bd8 27. a5 g6 28. Bc1 Nb8 29. Ng2 Nbd7 30. Be3 Be7
31. Bd1 Nh7 32. f4 g5 33. Bg4 exf4 34. Bxd7 fxe3+ 35. Kxe3 Nf6 36. Bc8 Ng4+ 37. Bxg4 f6 38. Bc8 Kf7 39. Bxa6
1-0

[Event "Sacrifice more if you want to have the initiative"]
[Site "SchemingMind.com"]
[Date "2011.12.02"]
[Round "-"]
[White "jtrochez1"]
[Black "flammablepawn"]
[Result "0-1"]
[WhiteCountry "HON"]
[BlackCountry "USA"]
[WhiteElo "1656"]
[WhiteRD "48"]
[BlackElo "1901"]
[BlackRD "77"]
[GameID "298266"]

1. e4 e6 2. d4 d5 3. e5 c5 4. c3 Nc6 5. Nf3 Bd7 6. Bd3 Qb6 7. Bc2 cxd4 8. cxd4 Nb4 9. O-O Nxc2 10. Qxc2 Rc8
11. Qd2 Nh6 12. a3 Be7 13. b4 O-O 14. Re1 Rc4 15. Nc3 Rfc8 16. Bb2 Nf5 17. Nd1 Rc2 18. Qf4 a5 19. bxa5 Ba4 20. Nc3 Qxb2
21. Nxa4 Qb5 22. Nb6 R8c6 23. a4 Qxa5 24. Nd7 Qc7 25. Nc5 Bxc5 26. dxc5 R6xc5 27. Nd4 Nxd4 28. Qxd4 R5c4 29. Qd1 Qc5 30. Qf3 Rc1
31. h3 Rxa1 32. Rxa1 Qd4 33. a5 Qxa1+ 34. Kh2 Qxe5+ 35. Qg3 Qxg3+
0-1

[Event "Sacrifice more if you want to have the initiative"]
[Site "SchemingMind.com"]
[Date "2012.03.31"]
[Round "-"]
[White "flammablepawn"]
[Black "Olli Ylönen"]
[Result "1-0"]
[WhiteCountry "USA"]
[BlackCountry "FIN"]
[WhiteElo "1879"]
[WhiteRD "88"]
[BlackElo "1847"]
[BlackRD "53"]
[GameID "306596"]

1. b4 e5 2. Bb2 Bxb4 3. Bxe5 Nf6 4. Nf3 O-O 5. e3 d5 6. Be2 c5 7. O-O Nc6 8. Bb2 Re8 9. d3 Ba5 10. Nbd2 Bc7
11. c4 dxc4 12. Nxc4 b5 13. Ncd2 Bf5 14. Nb3 Nd7 15. Rc1 Qe7 16. Ba3 b4 17. Bb2 a5 18. Nxc5 Nxc5 19. d4 Red8 20. Rxc5 Qxc5
21. dxc5 Rxd1 22. Rxd1 Rd8 23. Rxd8+ Nxd8 24. Bc4 Nb7 25. Bd4 Be4 26. Ng5 Bg6 27. Bd5 Nd8 28. Nf3 Kf8 29. Ne5 Bxe5 30. Bxe5 Bb1
31. c6 Nxc6 32. Bxc6 Bxa2 33. Ba4 f6 34. Bb2 Ke7 35. Kf1 Kd6 36. Ke2 Kc5 37. Kd3 Bc4+= 38. Kc2 Bf1 39. g3 Bb5 40. Bb3 a4
41. Bd4+ Kd6 42. Bg8 b3+ 43. Kc3 h6 44. Kb4 Bc6 45. Bc4 Bd7 46. Bb2 Bc6 47. f4 Bd5 48. Bd3 Bc6 49. e4 Bd7 50. e5+ fxe5
51. Bxe5+ Ke7 52. Bxg7
1-0

[Event "Sacrifice more if you want to have the initiative"]
[Site "SchemingMind.com"]
[Date "2012.03.31"]
[Round "-"]
[White "Olli Ylönen"]
[Black "flammablepawn"]
[Result "1/2-1/2"]
[WhiteCountry "FIN"]
[BlackCountry "USA"]
[WhiteElo "1906"]
[WhiteRD "55"]
[BlackElo "1878"]
[BlackRD "87"]
[GameID "306597"]

1. e4 e6 2. d4 d5 3. exd5 exd5 4. Nf3 Nf6 5. Bd3 Be7 6. h3 O-O 7. O-O c6 8. Re1 Nbd7 9. Bg5 Re8 10. Nbd2 h6
11. Bh4 Nh7 12. Bxe7 Rxe7 13. Rxe7 Qxe7 14. Qe1 Qxe1+ 15. Rxe1 Ndf6 16. Bxh7+ Kxh7 17. Re7 Bf5 18. c3 Rb8 19. Rxf7 Kg8 20. Re7 Kf8
21. Re1 Be4 22. Nxe4 Nxe4 23. Ne5 Re8 24. f4 Ke7 25. c4 Kf6 26. cxd5 cxd5 27. Ng4+ Kf7 28. Nf2 Ng3 29. Rxe8 Kxe8 30. Ng4 Ne2+
31. Kf2 Nxf4 32. Ne3 Nd3+ 33. Kf3 Nxb2 34. Nxd5 Kd7 35. Ke4 Kd6 36. Nc3 a6 37. Kf5 Ke7 38. Kg6=
1/2-1/2

[Event "Sacrifice more if you want to have the initiative"]
[Site "SchemingMind.com"]
[Date "2012.03.28"]
[Round "-"]
[White "lea_dc"]
[Black "Clive Everill"]
[Result "0-1"]
[WhiteCountry "ARG"]
[BlackCountry "CZE"]
[WhiteElo "1770"]
[WhiteRD "92"]
[BlackElo "1791"]
[BlackRD "54"]
[GameID "306815"]

1. e4 e5 2. Nf3 Nc6 3. Bb5 f5 4. Bxc6 dxc6 5. O-O fxe4 6. Nxe5 Qd4 7. Qh5+ g6 8. Nxg6 hxg6 9. Qxg6+ Kd8 10. d3 Bd6
11. h3 exd3 12. Nc3 dxc2 13. Bg5+ Ne7 14. Qxc2 Rg8 15. Bxe7+ Kxe7 16. Rfe1+ Kd8 17. Qh7 Qg7 18. Qh4+ Qg5
0-1

[Event "Sacrifice more if you want to have the initiative"]
[Site "SchemingMind.com"]
[Date "2012.03.28"]
[Round "-"]
[White "Clive Everill"]
[Black "lea_dc"]
[Result "1-0"]
[WhiteCountry "CZE"]
[BlackCountry "ARG"]
[WhiteElo "1791"]
[WhiteRD "54"]
[BlackElo "1770"]
[BlackRD "92"]
[GameID "306819"]

1. e4 e5 2. f4 d6 3. Nf3 Nd7 4. Bc4 Be7 5. O-O Ngf6 6. d3 O-O 7. Nc3 Nb6 8. Bb3 exf4 9. Bxf4 Be6 10. Bxe6 fxe6
11. Nd4 e5 12. Bxe5 dxe5 13. Ne6 Qd7 14. Nxf8 Rxf8 15. Qe2 Nc8 16. Rf3 Bc5+ 17. Kh1 Ne7 18. Raf1 Nc6 19. Qd1 Nd4 20. Rh3 Rf7
21. Ne2 Ne6 22. Nc3 Nf4 23. Rg3 c6 24. Ne2 Ne6 25. c3 Bb6 26. b4 Rf8 27. a4 Rd8 28. Rxf6
1-0

[Event "Sacrifice more if you want to have the initiative"]
[Site "SchemingMind.com"]
[Date "2012.08.14"]
[Round "-"]
[White "Scooter"]
[Black "kenneth m day"]
[Result "1-0"]
[WhiteCountry "USA"]
[BlackCountry "USA"]
[WhiteElo "1779"]
[WhiteRD "47"]
[BlackElo "1721"]
[BlackRD "52"]
[GameID "315751"]

1. d4 Nf6 2. Nf3 g6 3. Bf4 Bg7 4. h3 d6 5. e3 O-O 6. Be2 c5 7. c3 Qb6 8. Qb3 Be6 9. c4 Nc6 10. Qxb6 axb6
11. d5 Nxd5 12. cxd5 Bxb2 13. dxe6 Bxa1 14. exf7+ Rxf7 15. Bc4 b5 16. Bxf7+ Kxf7 17. Ng5+ Kg7 18. Ne6+ Kf6 19. Nc7 Rxa2 20. Nxb5 Rb2
21. N5c3 Rb3 22. Ne4+ Kf5 23. Ng3+ Ke6 24. O-O Bg7 25. Nd2 Rb2 26. Nge4 h6 27. Rb1 Rxb1+ 28. Nxb1 b5 29. Kf1 b4 30. Ke2 Na5
31. Kd2 c4 32. f3 c3+ 33. Kc2 b3+ 34. Kc1 Kd5 35. Nbxc3+ Bxc3 36. Nxc3+ Kc4 37. Kb2 g5 38. Bg3 Kd3 39. e4 Kc4 40. Bf2 Kb4
41. Nd5+ Kc4 42. Nxe7
1-0

[Event "Sacrifice more if you want to have the initiative"]
[Site "SchemingMind.com"]
[Date "2012.08.14"]
[Round "-"]
[White "kenneth m day"]
[Black "Scooter"]
[Result "1-0"]
[WhiteCountry "USA"]
[BlackCountry "USA"]
[WhiteElo "1721"]
[WhiteRD "52"]
[BlackElo "1779"]
[BlackRD "47"]
[GameID "315752"]

1. e4 c6 2. d4 d5 3. exd5 cxd5 4. Bd3 Nc6 5. c3 Nf6 6. Bf4 e6 7. Nf3 Bd6 8. Bxd6 Qxd6 9. Nbd2 O-O 10. O-O a6
11. Re1 b5 12. Nb3 Nd7 13. Nc5 g6 14. Re3 Nxc5 15. dxc5 Qxc5 16. Rc1 Bb7 17. Ng5 Qe7 18. Qg4 h6 19. Nf3 Qf6 20. Rce1 Rfe8
21. h4 Ne7 22. Nd4 Kf8 23. Rf3 Nf5 24. Nxf5 exf5 25. Qb4+ Kg7 26. Rfe3 Bc6 27. g3 Rxe3 28. Rxe3 Re8 29. Rxe8 Bxe8 30. Qc5 Qc6
31. Qxc6 Bxc6 32. f4 Kf6 33. Kf2= Ke6 34. Ke3 h5 35. Kd4 Kd6 36. b3 Bd7 37. c4 dxc4 38. bxc4 bxc4 39. Bxc4 Be6 40. a4 Bxc4
41. Kxc4 f6 42. Kb4 g5 43. Ka5 Kd5 44. Kxa6 gxf4 45. gxf4 Ke4 46. Kb6 Kxf4 47. a5 Ke3 48. a6
1-0

[Event "Sacrifice more if you want to have the initiative"]
[Site "SchemingMind.com"]
[Date "2012.09.11"]
[Round "-"]
[White "Timaeus"]
[Black "D O Vaughan"]
[Result "0-1"]
[WhiteCountry "JPN"]
[BlackCountry "WLS"]
[WhiteElo "1345"]
[WhiteRD "67"]
[BlackElo "2101"]
[BlackRD "82"]
[GameID "317451"]

1. d4 d5 2. Nc3 e6 3. e3 c5 4. dxc5 Bxc5 5. Bb5+ Nc6 6. Nf3 Bd7 7. O-O Nf6 8. Re1 O-O 9. Bd3 a6 10. a3 Qc7
11. e4 dxe4 12. Bxe4 Rad8 13. Be3 Ne7 14. Ne2 Nxe4 15. h3 Bxe3 16. fxe3 Bc6 17. Ned4 e5 18. Nxe5 Qxe5 19. Qe2 Nf5 20. Nxf5 Qxf5
21. Rf1 Qe6 22. Rae1 Bb5 23. Qg4 Bxf1 24. Rxf1 Qxg4 25. hxg4 Rd2
0-1

[Event "Sacrifice more if you want to have the initiative"]
[Site "SchemingMind.com"]
[Date "2012.09.11"]
[Round "-"]
[White "D O Vaughan"]
[Black "Timaeus"]
[Result "1-0"]
[WhiteCountry "WLS"]
[BlackCountry "JPN"]
[WhiteElo "2101"]
[WhiteRD "82"]
[BlackElo "1345"]
[BlackRD "67"]
[GameID "317458"]

1. e4 e5 2. Nf3 d6 3. d4 c6 4. dxe5 dxe5 5. Qxd8+ Kxd8 6. Nxe5 Nd7 7. Nxf7+ Kc7 8. Bf4+ Kb6 9. Nxh8 Nc5 10. Nd2 Be6
11. Bc4 Rd8 12. Bxe6 Nxe6 13. Be3+ Kc7 14. Nf7 Rd7 15. Ne5 Rd8 16. O-O-O b6 17. Nb3 Ne7 18. Rxd8 Nxd8 19. Rd1 Nc8 20. Rd7+ Kb8
21. Rxd8 Bd6 22. Bf4 g5 23. Nxc6+ Kc7 24. Rxc8+ Kxc8 25. Bxd6 Kd7 26. Be7 Kxc6 27. Bxg5
1-0

[Event "Sacrifice more if you want to have the initiative"]
[Site "SchemingMind.com"]
[Date "2012.11.04"]
[Round "-"]
[White "Clive Everill"]
[Black "D O Vaughan"]
[Result "0-1"]
[WhiteCountry "CZE"]
[BlackCountry "WLS"]
[WhiteElo "1736"]
[WhiteRD "52"]
[BlackElo "2122"]
[BlackRD "97"]
[GameID "320123"]

1. Nf3 Nf6 2. d4 d5 3. c4 e6 4. Nc3 c6 5. e3 Nbd7 6. Qc2 Bd6 7. Bd3 O-O 8. O-O dxc4 9. Bxc4 b5 10. Bd3 Bb7
11. a3 Qe7 12. e4 e5 13. Ne2 a6 14. Ng3 g6 15. Bg5 Rfe8 16. Qd2 c5 17. d5 Qd8 18. b3 Qb6 19. Rfc1 Bxd5 20. exd5 e4
21. Bxf6 Nxf6 22. Bxe4 Nxe4 23. Nxe4 Rxe4 24. Qh6 Bf8 25. Qg5 Qd6 26. Rd1 Rae8 27. g3 Bg7 28. Rab1 h6 29. Qc1 Kh7 30. Kg2 a5
31. Qc2 Bf6 32. Rbc1 c4 33. bxc4 Rxc4 34. Qb3 Rec8 35. Rxc4 bxc4 36. Qb7 Rc7 37. Qb8 Be7 38. h4 c3 39. Qe8 Kg7 40. a4 c2
41. Rc1 Qxd5 42. Rxc2 Rxc2 43. Qxe7 Rc3 44. Qe2 h5 45. Qe5+ Qxe5 46. Nxe5 Ra3 47. Nc6 Rxa4 48. f3 Ra2+ 49. Kh3 a4 50. Nb4 Rd2
0-1

[Event "Sacrifice more if you want to have the initiative"]
[Site "SchemingMind.com"]
[Date "2012.11.04"]
[Round "-"]
[White "D O Vaughan"]
[Black "Clive Everill"]
[Result "1-0"]
[WhiteCountry "WLS"]
[BlackCountry "CZE"]
[WhiteElo "2124"]
[WhiteRD "94"]
[BlackElo "1710"]
[BlackRD "48"]
[GameID "320128"]

1. e4 d5 2. exd5 Qxd5 3. Nc3 Qa5 4. d4 Nf6 5. Nf3 c6 6. Bc4 Bf5 7. Bd2 e6 8. Qe2 Bb4 9. a3 Nbd7 10. O-O-O Bxc3
11. Bxc3 Qc7 12. Kb1 b5 13. Bb3 a5 14. d5 cxd5 15. Bxd5 Ra7 16. Bb3 Qb7 17. Nd4 Be4 18. Nxb5 O-O 19. Nxa7 Qxa7 20. Rxd7 Qxd7
21. Bxf6 Bxc2+ 22. Bxc2 gxf6 23. Qd3 Qxd3 24. Bxd3 f5 25. Rc1 Ra8 26. Rc5 Kg7 27. Kc2 Kf6 28. Kb3 Rb8+ 29. Bb5 e5 30. Ka4 Rd8
31. Rc2 Ra8 32. Bc6 Ra7 33. Kb5 f4 34. Kb6 Re7 35. Kxa5 Kg5 36. Kb6 f5 37. a4 e4 38. a5 e3 39. fxe3 fxe3 40. a6 e2
41. Rxe2 Rxe2 42. b4 h5 43. a7
1-0

[Event "Sacrifice more if you want to have the initiative"]
[Site "SchemingMind.com"]
[Date "2013.01.24"]
[Round "-"]
[White "kenneth m day"]
[Black "flammablepawn"]
[Result "0-1"]
[WhiteCountry "USA"]
[BlackCountry "USA"]
[WhiteElo "1752"]
[WhiteRD "52"]
[BlackElo "1878"]
[BlackRD "93"]
[GameID "325783"]

1. e4 e6 2. d4 d5 3. Nd2 Nf6 4. e5 Nfd7 5. Bd3 c5 6. c3 Nc6 7. Ne2 Qb6 8. Nf3 cxd4 9. cxd4 Bb4+ 10. Bd2 Bxd2+
11. Qxd2 Qb4 12. Qxb4 Nxb4 13. Bb1 Nb6 14. a3 Nc6 15. b3 Na5 16. Bc2 Bd7 17. O-O Rc8 18. Rac1 Bb5 19. Rfe1 Bxe2 20. Rxe2 Nxb3
21. Rb1 Na5 22. Bd1 O-O 23. Rc2 Rxc2 24. Bxc2 Rc8 25. Bd1 h6 26. h3 Rc3 27. Kf1 Nbc4 28. a4 Rxf3 29. Bxf3 Nd2+ 30. Ke1 Nxb1
31. Be2 Nc3 32. Bd1 Nxd1
0-1

[Event "Sacrifice more if you want to have the initiative"]
[Site "SchemingMind.com"]
[Date "2013.01.25"]
[Round "-"]
[White "flammablepawn"]
[Black "kenneth m day"]
[Result "1-0"]
[WhiteCountry "USA"]
[BlackCountry "USA"]
[WhiteElo "1898"]
[WhiteRD "101"]
[BlackElo "1758"]
[BlackRD "53"]
[GameID "325786"]

1. b4 e5 2. Bb2 Bxb4 3. Bxe5 Nf6 4. Nf3 O-O 5. e3 d5 6. Be2 c5 7. O-O Nc6 8. Bb2 Re8 9. c3 Ba5 10. c4 Bf5
11. d4 h6 12. cxd5 Qxd5 13. dxc5 Qxc5 14. Qb3 Ne4 15. Bc4 Be6 16. Bxe6 fxe6 17. Ba3 Bb4 18. Bxb4 Qxb4 19. Qxb4 Nxb4 20. Nbd2 Nxd2
21. Nxd2 b6 22. a3 Nd5 23. Rac1 Rac8 24. Nb3 Nc3 25. Rc2 Ne4 26. Rfc1 Rxc2 27. Rxc2 Rd8 28. Kf1 Rd7 29. Ke2 Rf7 30. f3 Nd6
31. Rc6 Rd7 32. e4 Kf7 33. Ke3 Kf6 34. f4 Ke7 35. Nd4 g6 36. g4 b5 37. Kf3 Rb7 38. e5 Nc4 39. Rxe6+ Kf7 40. Rf6+ Kg7
41. Ra6 Kf7 42. Nc6 Rc7 43. Nxa7 Nd2+ 44. Ke2 Ne4 45. Nxb5 Rb7 46. Ra7 Rxa7 47. Nxa7 Nc5 48. Ke3 Ke6 49. Kd4 Nb3+ 50. Ke3 Kd5
51. Nc8 Nc5 52. Ne7+
1-0